000 01009nam0a22002891 4500
001 rc\3486952
005 20260408075811.0
021 _aRU
_b74-42825
021 _aRU
_bРг6738-74
035 _a(NLR Aleph) 007604938
090 _a5754759
_c5754759
100 _a20130115d1974 |||y0rusy50 ca
101 0 _arus
102 _aRU
105 _ay z |||||
200 1 _aОрганизация и развитие здравоохранения в Финляндии
_fЗдравоохранение-74, Москва, 28 мая -10 июня 1974 г.
210 _a[Москва
_cБ. и.
_d1974]
215 _a15 с.
_d20
300 _aПеред загл. авт.: Л. Норо, проф.
700 1 _aНоро
_bЛ.
712 1 2 _a"Здравоохранение-74", международная выставка
_f1974
_eМосква
_3RU\NLR\AUTH\8810219513
_9324389
801 0 _aRU
_bNLR
_gpsbo
801 1 _aRU
_bELAR
_2rusmarc
852 _aNLR
_j74-4/6702
942 _cBOOK
980 _aNB